Standards for adult correctional institutions /

Uloženo v:
Podrobná bibliografie
Korporace: American Correctional Association, Commission on Accreditation for Corrections
Médium: Kniha
Jazyk:English
Vydáno: College Park, Md. : American Correctional Association, 1981.
Vydání:2nd ed.
Témata:
LEADER 01111nam a2200265 a 4500
001 c000184934
003 CARM
005 20050815093102.0
008 851119s1981 mdu 001 0 eng d
019 1 |a 4091837  |z 8002554  |5 LACONCORD2021 
035 |a (OCoLC)7435491  |5 LACONCORD2021 
040 |a XNLS  |b eng  |c XNLS 
042 |a anuc 
082 0 4 |a 365 
110 2 |a American Correctional Association. 
245 1 0 |a Standards for adult correctional institutions /  |c American Correctional Association in cooperation with the Commission on Accreditation for Corrections. 
250 |a 2nd ed. 
260 |a College Park, Md. :  |b American Correctional Association,  |c 1981. 
300 |a xviii, 163 p. 
500 |a Includes index. 
650 0 |a Correctional institutions  |x Standards  |z United States  |v Handbooks, manuals, etc. 
710 2 |a Commission on Accreditation for Corrections. 
852 8 |b CARM  |h A2:AP02D0  |i C07146  |p 0257633  |f BK 
999 f f |i b2561ee1-9d91-5e8c-a03c-626218565db6  |s f698284d-348f-5314-9054-171a6ab7456d 
952 f f |p Can circulate  |a CAVAL  |b CAVAL  |c CAVAL  |d CARM 1 Store  |e C07146  |f A2:AP02D0  |h Other scheme  |i book  |m 0257633